| 000 | 00826nam a2200205 a 4500 | ||
|---|---|---|---|
| 008 | 110907s1992 ||||||||||||||||| || u | ||
| 020 | _a0801610753 | ||
| 050 | _aRK 652.5 Cra | ||
| 100 | _aPowers, John M | ||
| 245 | 1 | 0 |
_aDental materials: properties and manipulation. (5th ed.) _cRobert G Craig, William J. O'Brien, John M. Powers |
| 250 | _a5th ed. | ||
| 260 |
_aSt Louis, MO _bMosby _c1992 |
||
| 300 | _avii, 328p.: ill. | ||
| 350 | _a0.00 | ||
| 650 | 0 | _aDENTISTRY--ATLASES | |
| 650 | 0 | _aDENTAL MATERIALS | |
| 700 | _aCraig, Robert G. (Robert George), 1923- | ||
| 700 | _aO'Brien, William J. (William Joseph), 1935- | ||
| 995 |
_aMICHAEL CHILUFYA SATA OPEN ACCESS _D0.00 _e900295 _FCBU-SCHOOL OF MEDICINE LIBRARY (Ndola) _H1 _I0.00 _jRK 652.5 Cra _M1 _UAVAILABLE _WDec 2, 2011 _y900295 _ZMedical Library Open Access Collection |
||
| 999 |
_c31235 _d31235 |
||